| 000 | 00566nam a2200217Ia 4500 | ||
|---|---|---|---|
| 003 | OSt | ||
| 005 | 20241010065311.0 | ||
| 008 | 240925s9999 xx 000 0 und d | ||
| 020 | _a205187552 | ||
| 040 | _csd | ||
| 082 | _a616.8909 MEY | ||
| 100 | _aMeyer ,Robert G. | ||
| 245 | 0 | _aCase Studies in Abnormal Behavior | |
| 250 | _a3rd | ||
| 260 |
_aBoston: _bAllyn and Bacon _c,1996. |
||
| 300 |
_axi,452p. _bNA _fInternational Edition |
||
| 500 | _aIncludes Index | ||
| 600 | _aHumanities & Natural Science | ||
| 650 | _aMedicine and health | ||
| 942 |
_cBK _2ddc |
||
| 999 |
_c5435 _d5435 |
||